Les stations de la ligne Fukutoshin - Tokyo - Statistiques

Statistiques générales
  • Ce quiz a été pris 26 fois
  • Le résultat moyen est 5 sur 16
Statistiques - réponses
Code de la station Station % Correct
F-09 Ikebukuro
100%
F-16 Shibuya
100%
F-13 Shinjuku-sanchōme
60%
F-12 Higashi-Shinjuku
40%
F-15 Meiji-Jingūmae
40%
F-11 Nishi-Waseda
40%
F-01 Wakoshi
40%
F-02 Chikatetsu-Narimasu
20%
F-07 Senkawa
20%
F-10 Zōshigaya
20%
F-03 Chikatetsu-Akatsuka
0%
F-04 Heiwadai
0%
F-05 Hikawadai
0%
F-08 Kanamechō
0%
F-14 Kitasandō
0%
F-06 Kotake-Mukaihara
0%
Aucun quiz correspondant
Distribution des résultats
% des personnes avec chaque résultat
Percentile par nombre de réponses
Votre historique - résultats
Vous n’avez pas pris ce quiz